[Event "Landesklasse Ost 2014/2015"]
[Site "?"]
[Date "2015.04.19"]
[Round "9"]
[White "Petigk, Falk"]
[Black "Hadlich, Gerald"]
[Result "1-0"]
[WhiteElo "1697"]
[BlackElo "1735"]
[PlyCount "80"]
[EventDate "2015.??.??"]
[WhiteTeam "SSV Vimaria 91 Weimar"]
[BlackTeam "SV Hermsdorf"]

1. e4 e6 2. d4 d5 3. e5 c5 4. c3 Nc6 5. Nf3 Bd7 6. Bd3 cxd4 7. cxd4 Qb6 8. Bc2
Nb4 9. O-O Nxc2 10. Qxc2 Ne7 11. Nc3 Nf5 12. Be3 Nxe3 13. fxe3 Be7 14. Rf2 O-O
15. h4 Qd8 16. g3 Rc8 17. Qd3 a6 18. Raf1 f6 19. exf6 gxf6 20. e4 dxe4 21. Qxe4
Kh8 22. Qxb7 Bc6 23. Qxa6 Rg8 24. Kh2 Bd6 25. Ne2 Qc7 26. Rg2 Rb8 27. Qc4 Rxb2
28. Qxe6 Bxg3+ 29. Kh1 Bxf3 30. Qxf6+ Rg7 31. Qxf3 Qe7 32. Qf8+ Qxf8 33. Rxf8+
Rg8 34. Rxg8+ Kxg8 35. Nxg3 Rb1+ 36. Kh2 Rd1 37. Ne4+ Kf7 38. Rd2 Re1 39. Ng3
Ke6 40. d5+ Kd6 1-0

[Event "Landesklasse Ost 2014/2015"]
[Site "?"]
[Date "2015.04.19"]
[Round "9"]
[White "Bülau, Daniel"]
[Black "Latka, Richard"]
[Result "1/2-1/2"]
[WhiteElo "1617"]
[BlackElo "1697"]
[PlyCount "73"]
[EventDate "2015.??.??"]
[WhiteTeam "SV Hermsdorf"]
[BlackTeam "SSV Vimaria 91 Weimar"]

1. e4 c5 2. Nc3 Nc6 3. g3 g6 4. Bg2 Bg7 5. d3 e6 6. f4 Nge7 7. Nf3 d5 8. O-O
O-O 9. Bd2 Qb6 10. Rb1 Bd7 11. Kh1 Rad8 12. a3 c4 13. dxc4 dxc4 14. Qe2 Na5 15.
Be3 Qa6 16. Rfd1 Bc6 17. Bc5 Rxd1+ 18. Rxd1 Re8 19. Bd4 Bxd4 20. Nxd4 Qb6 21.
Nxc6 Nexc6 22. Na4 Qc7 23. Nc5 Qe7 24. Qe3 b6 25. Na4 Rd8 26. Rxd8+ Qxd8 27.
Nc3 Qd4 28. Qe2 Qc5 29. e5 Nd4 30. Qd2 Nac6 31. Ne4 Qb5 32. Nf6+ Kh8 33. c3 Nf5
34. Qd7 Nfe7 35. Bxc6 Qxc6+ 36. Qxc6 Nxc6 37. Kg2 1/2-1/2

[Event "Landesklasse Ost 2014/2015"]
[Site "?"]
[Date "2015.04.19"]
[Round "9"]
[White "Schulz, Phillip"]
[Black "Gebuhr, Günter"]
[Result "0-1"]
[WhiteElo "1734"]
[BlackElo "1775"]
[PlyCount "54"]
[EventDate "2015.??.??"]
[WhiteTeam "SV Hermsdorf"]
[BlackTeam "SSV Vimaria 91 Weimar"]

1. d4 Nf6 2. c4 e6 3. Nc3 Bb4 4. a3 Bxc3+ 5. bxc3 c5 6. f3 d5 7. cxd5 exd5 8.
e3 O-O 9. Bd3 b6 10. Ne2 Ba6 11. O-O Bxd3 12. Qxd3 Nc6 13. e4 dxe4 14. fxe4 h6
15. e5 Nxe5 16. Qg3 Ng6 17. Nf4 Nxf4 18. Qxf4 Qd5 19. Rf3 Qe4 20. Qg3 Qg6 21.
Qf4 Ne4 22. Bb2 Rae8 23. c4 Ng5 24. Rg3 Qc2 25. Qc1 Re2 26. Qxc2 Rxc2 27. Bc3
Ne4 0-1

[Event "Landesklasse Ost 2014/2015"]
[Site "?"]
[Date "2015.04.19"]
[Round "9"]
[White "Walther, Gerd"]
[Black "Hädrich, Dirk"]
[Result "1-0"]
[WhiteElo "1774"]
[BlackElo "1754"]
[PlyCount "151"]
[EventDate "2015.??.??"]
[WhiteTeam "SSV Vimaria 91 Weimar"]
[BlackTeam "SV Hermsdorf"]

1. d4 e6 2. Nf3 f5 3. Bg5 Nf6 4. Nbd2 d5 5. e3 Bd6 6. c4 c6 7. Be2 Nbd7 8. O-O
O-O 9. cxd5 exd5 10. a3 Qe8 11. b4 Ne4 12. Rc1 Nxg5 13. Nxg5 Nf6 14. Re1 Bd7
15. Nh3 Qe7 16. Nf4 a6 17. Nf3 Ne4 18. Nd3 Rae8 19. Nfe5 Bc8 20. Bh5 Rd8 21. f4
Qe6 22. Rf1 g6 23. Be2 Be7 24. Qe1 Kg7 25. Nc5 Qf6 26. Nxe4 fxe4 27. Qg3 Qh4
28. Qxh4 Bxh4 29. g4 Be7 30. Rc3 Rf6 31. Rfc1 Be6 32. h3 Rff8 33. Kh2 Rc8 34.
Kg3 Rfd8 35. h4 Bf8 36. g5 Be7 37. h5 Bf5 38. Bg4 Bxg4 39. Kxg4 Rd6 40. a4 Rf8
41. b5 axb5 42. axb5 gxh5+ 43. Kxh5 h6 44. bxc6 hxg5 45. c7 Rh6+ 46. Kg4 Rh4+
47. Kg3 Rc8 48. Rb1 gxf4+ 49. exf4 Rhh8 50. Rxb7 Bh4+ 51. Kg2 Kf6 52. Ng4+ Ke6
53. Rb6+ Kd7 54. Ne5+ Ke8 55. Re6+ Kf8 56. Ng6+ Kf7 57. Rcc6 Rhg8 58. Kh3 Rxg6
59. Rxg6 Bf2 60. Rg2 e3 61. Rxf2 exf2 62. Kg2 Ke7 63. Kxf2 Kd7 64. Rc5 Kd6 65.
Kf3 Ke6 66. Kg4 Rg8+ 67. Kh5 Rh8+ 68. Kg6 Rg8+ 69. Kh7 Rc8 70. Kg7 Kf5 71.
Rxd5+ Ke4 72. Rc5 Kxd4 73. Rc1 Ke4 74. Kf7 Kxf4 75. Ke7 Ke5 76. Kd7 1-0

[Event "Landesklasse Ost 2014/2015"]
[Site "?"]
[Date "2015.04.19"]
[Round "9"]
[White "Assmann, Winfried"]
[Black "Sperhake, Franz"]
[Result "1/2-1/2"]
[WhiteElo "1550"]
[BlackElo "1552"]
[PlyCount "70"]
[EventDate "2015.??.??"]
[WhiteTeam "SSV Vimaria 91 Weimar"]
[BlackTeam "SV Hermsdorf"]

1. e4 c5 2. d3 Nc6 3. f4 d6 4. Nf3 g6 5. g3 Bg7 6. Bg2 e6 7. O-O Nge7 8. c3 O-O
9. Na3 d5 10. e5 Qb6 11. d4 cxd4 12. cxd4 Bd7 13. Nc2 Rac8 14. Bd2 f6 15. exf6
Bxf6 16. Bc3 Nf5 17. Kh1 Na5 18. Re1 Ba4 19. Bxa5 Qxa5 20. b3 Bd7 21. Ne5 Qc7
22. Ne3 Bg7 23. Nxf5 Rxf5 24. Bh3 Rf6 25. Rc1 Qd8 26. Rxc8 Qxc8 27. Qe2 Be8 28.
Nf3 Bd7 29. Ng5 Qc3 30. Bxe6+ Bxe6 31. Nxe6 Rf7 32. Nxg7 Kxg7 33. Qe5+ Kg8 34.
Qe8+ Kg7 35. Qe5+ Kg8 1/2-1/2

[Event "Landesklasse Ost 2014/2015"]
[Site "?"]
[Date "2015.04.19"]
[Round "9"]
[White "Latka, Robert"]
[Black "Rauhut, Frank"]
[Result "0-1"]
[WhiteElo "1818"]
[BlackElo "1862"]
[PlyCount "62"]
[EventDate "2015.??.??"]
[WhiteTeam "SSV Vimaria 91 Weimar"]
[BlackTeam "SV Jenapharm Jena"]

1. e4 g6 2. Nc3 Bg7 3. f4 c5 4. Nf3 Nc6 5. Bb5 a6 6. Bxc6 bxc6 7. O-O Nf6 8. d3
O-O 9. Kh1 Rb8 10. Rb1 d6 11. Be3 Ng4 12. Bg1 e5 13. h3 h5 14. hxg4 hxg4 15.
Nh2 Qh4 16. Qe1 Qxe1 17. Rfxe1 exf4 18. Ne2 Be6 19. b3 g5 20. d4 d5 21. exd5
Bxd5 22. dxc5 f3 23. Nxg4 fxg2+ 24. Kh2 f5 25. Ne3 Be5+ 26. Kh3 g4+ 27. Nxg4
fxg4+ 28. Kxg4 Rb7 29. Be3 Bf3+ 30. Kh4 Rh7+ 31. Kg5 Rh5+ 0-1

[Event "Landesklasse Ost 2014/2015"]
[Site "?"]
[Date "2015.04.19"]
[Round "9"]
[White "Skarus, Steffen"]
[Black "Philipp, Mathias"]
[Result "1/2-1/2"]
[WhiteElo "1841"]
[BlackElo "1745"]
[PlyCount "71"]
[EventDate "2015.??.??"]
[WhiteTeam "SV Jenapharm Jena"]
[BlackTeam "SSV Vimaria 91 Weimar"]

1. c4 e5 2. g3 Nc6 3. Bg2 Nf6 4. Nc3 Bb4 5. Nd5 d6 6. Nxb4 Nxb4 7. Qa4+ Nc6 8.
Bxc6+ bxc6 9. Qxc6+ Bd7 10. Qa6 O-O 11. d3 Qe7 12. Bg5 Rfb8 13. Qa3 h6 14. Bxf6
Qxf6 15. Qc3 Bc6 16. e4 Bd7 17. b3 a5 18. Ke2 c5 19. a4 Rb4 20. h3 Rab8 21. Ra3
Bxa4 22. Nf3 Bxb3 23. Nd2 a4 24. Rc1 Kh7 25. Nf1 Qg5 26. Ne3 Qh5+ 27. g4 Qxh3
28. Raa1 Qh4 29. Rh1 Bd1+ 30. Rhxd1 Rb2+ 31. Rd2 R8b3 32. Qc1 a3 33. Ra2 Rb1
34. Qc2 h5 35. Rxa3 Qh1 36. Nd1 1/2-1/2

[Event "Landesklasse Ost 2014/2015"]
[Site "?"]
[Date "2015.04.19"]
[Round "9"]
[White "Vater, Rainer"]
[Black "Gräf, Michael"]
[Result "1/2-1/2"]
[WhiteElo "1809"]
[BlackElo "1861"]
[PlyCount "38"]
[EventDate "2015.??.??"]
[WhiteTeam "SV Jenapharm Jena"]
[BlackTeam "SSV Vimaria 91 Weimar"]

1. e4 c6 2. d3 d5 3. Nd2 e5 4. g3 Nf6 5. Bg2 Bc5 6. Qe2 O-O 7. Nb3 Bb6 8. Bg5
Bg4 9. f3 Bh5 10. g4 Bg6 11. O-O-O Nbd7 12. h4 h6 13. Be3 Bxe3+ 14. Qxe3 Qb6
15. Qe2 Nc5 16. Nxc5 Qxc5 17. h5 Bh7 18. Nh3 a5 19. Qf2 Qxf2 1/2-1/2

[Event "Landesklasse Ost 2014/2015"]
[Site "?"]
[Date "2015.04.19"]
[Round "9"]
[White "Weiß, Thomas"]
[Black "Asmykovich, Ihar"]
[Result "1-0"]
[WhiteElo "1893"]
[BlackElo "1696"]
[PlyCount "73"]
[EventDate "2015.??.??"]
[WhiteTeam "SSV Vimaria 91 Weimar"]
[BlackTeam "SV Jenapharm Jena"]

1. d4 Nf6 2. c4 g6 3. Nc3 d5 4. cxd5 Nxd5 5. Bd2 Bg7 6. e4 Nxc3 7. Bxc3 O-O 8.
Nf3 Nd7 9. Be2 c5 10. d5 Nf6 11. Qd3 b5 12. Rd1 b4 13. Be5 a5 14. O-O Nh5 15.
Bxg7 Nf4 16. Qe3 Nxe2+ 17. Qxe2 Kxg7 18. b3 Qc7 19. Nd2 e6 20. Nc4 exd5 21.
exd5 Ba6 22. d6 Qc6 23. Qb2+ f6 24. Nxa5 Qb6 25. Nc4 Bxc4 26. bxc4 Qa6 27. Rfe1
Qxa2 28. Re7+ Kg8 29. Qxa2 Rxa2 30. Rc7 Rd8 31. g3 b3 32. d7 b2 33. Rc8 Kg7 34.
Rxd8 Ra1 35. Rg8+ Kxg8 36. d8=Q+ Kg7 37. Qd3 1-0

[Event "Landesklasse Ost 2014/2015"]
[Site "?"]
[Date "2015.04.19"]
[Round "9"]
[White "Jung, Florian"]
[Black "Plontke, Ingo"]
[Result "1-0"]
[WhiteElo "1682"]
[BlackElo "1881"]
[PlyCount "45"]
[EventDate "2015.??.??"]
[WhiteTeam "SV Jenapharm Jena"]
[BlackTeam "SSV Vimaria 91 Weimar"]

1. e4 d6 2. d4 g6 3. f4 Bg7 4. Nf3 c6 5. Nc3 Nf6 6. Bd3 Nbd7 7. e5 Nd5 8. Nxd5
cxd5 9. exd6 e6 10. f5 gxf5 11. Qe2 Nf6 12. Bxf5 Qxd6 13. O-O Bd7 14. Bg5 Bc6
15. Ne5 O-O 16. Bxf6 exf5 17. Bxg7 Kxg7 18. Rxf5 f6 19. Qg4+ Kh8 20. Ng6+ Kg7
21. Nxf8+ Kxf8 22. Raf1 Ke7 23. Qh4 1-0

[Event "Landesklasse Ost 2014/2015"]
[Site "?"]
[Date "2015.04.19"]
[Round "9"]
[White "Kirmse, Horst"]
[Black "Schmidt, Stephan"]
[Result "0-1"]
[WhiteElo "1407"]
[BlackElo "1667"]
[PlyCount "52"]
[EventDate "2015.??.??"]
[WhiteTeam "SV Jenapharm Jena"]
[BlackTeam "SSV Vimaria 91 Weimar"]

1. d4 d5 2. c4 e6 3. Nc3 Nf6 4. Bf4 c6 5. cxd5 exd5 6. a3 Bd6 7. Bxd6 Qxd6 8.
e3 O-O 9. Nf3 Bg4 10. Be2 Nbd7 11. O-O Rfe8 12. h3 Bh5 13. Nh4 Bxe2 14. Qxe2
Ne4 15. Nf3 Re6 16. Nxe4 Rxe4 17. Nd2 Rh4 18. Nf3 Rh6 19. e4 Qg6 20. exd5 cxd5
21. Qb5 Nb6 22. Rfe1 f6 23. Kf1 Qf7 24. Re2 Nc4 25. Rae1 Nd6 26. Re7 Nxb5 0-1

[Event "Landesklasse Ost 2014/2015"]
[Site "?"]
[Date "2015.04.19"]
[Round "9"]
[White "Taudte, Stefan"]
[Black "Berkov, Mikhail"]
[Result "1-0"]
[WhiteElo "1977"]
[BlackElo "1806"]
[PlyCount "51"]
[EventDate "2015.??.??"]
[WhiteTeam "SV Empor Erfurt"]
[BlackTeam "SV Schott Jena"]

1. d4 d5 2. c4 c6 3. Nf3 Nf6 4. Nc3 dxc4 5. a4 Bf5 6. e3 e6 7. Bxc4 Bb4 8. O-O
O-O 9. Qb3 Qe7 10. Ne5 Bd6 11. f3 Bxe5 12. dxe5 Ne8 13. e4 Bg6 14. Be3 b6 15.
f4 h6 16. Qd1 f5 17. exf5 Bxf5 18. g4 Bg6 19. f5 Bf7 20. f6 gxf6 21. Bxh6 Qc5+
22. Kh1 Qxc4 23. Bxf8 Kxf8 24. Qd8 b5 25. Rxf6 b4 26. Raf1 1-0

[Event "Landesklasse Ost 2014/2015"]
[Site "?"]
[Date "2015.04.19"]
[Round "9"]
[White "Neubauer, Ralf"]
[Black "Weishäutel, Moritz"]
[Result "0-1"]
[WhiteElo "1918"]
[BlackElo "1849"]
[PlyCount "106"]
[EventDate "2015.??.??"]
[WhiteTeam "SV Schott Jena"]
[BlackTeam "SV Empor Erfurt"]

1. d4 d5 2. c4 e6 3. Nf3 Nf6 4. g3 Be7 5. Bg2 O-O 6. O-O dxc4 7. Qc2 a6 8. Qxc4
b5 9. Qc2 Bb7 10. Bd2 Be4 11. Qc1 Bb7 12. a3 Ra7 13. Rd1 Nbd7 14. b4 Qa8 15.
Bc3 a5 16. Nbd2 axb4 17. axb4 Rxa1 18. Qxa1 Nd5 19. Qb2 N7b6 20. Nb1 Qa4 21.
Rc1 Nc4 22. Qa1 Qxa1 23. Bxa1 Bxb4 24. Bc3 Nxc3 25. Nxc3 Bxc3 26. Rxc3 Ra8 27.
h4 Ra1+ 28. Kh2 Ra2 29. Ne5 Bxg2 30. Nxc4 bxc4 31. Kxg2 Ra4 32. e4 Rb4 33. Kf1
Kf8 34. Ke2 Ke7 35. Kd2 Kd6 36. Ra3 Rb2+ 37. Kc3 Rxf2 38. Kxc4 Rc2+ 39. Kd3 Rg2
40. Kc4 f5 41. e5+ Kc6 42. Ra6+ Kd7 43. Ra3 h6 44. Rd3 g5 45. hxg5 hxg5 46. d5
Rc2+ 47. Kd4 exd5 48. Kxd5 c6+ 49. Kd4 Ke6 50. Re3 Rd2+ 51. Kc5 Rd5+ 52. Kxc6
Rxe5 53. Rd3 f4 0-1

[Event "Landesklasse Ost 2014/2015"]
[Site "?"]
[Date "2015.04.19"]
[Round "9"]
[White "Richter, Sebastian"]
[Black "Heinke, Jasper"]
[Result "1-0"]
[WhiteElo "1742"]
[BlackElo "1780"]
[PlyCount "71"]
[EventDate "2015.??.??"]
[WhiteTeam "SV Schott Jena"]
[BlackTeam "SV Empor Erfurt"]

1. e4 e6 2. d4 d5 3. Nc3 Nf6 4. e5 Nfd7 5. f4 c5 6. Nf3 Nc6 7. Be3 a6 8. Qd2 b5
9. dxc5 Bxc5 10. Bd3 d4 11. Nxd4 Bxd4 12. Bxd4 Nxd4 13. Be4 Nxc2+ 14. Qxc2 Ra7
15. O-O Qh4 16. Nxb5 axb5 17. Qxc8+ Qd8 18. Qxd8+ Kxd8 19. Bc6 b4 20. Rfd1 Ke7
21. Bxd7 Rxd7 22. Rxd7+ Kxd7 23. Rc1 Rb8 24. Rc4 Rb5 25. Kf2 f6 26. exf6 gxf6
27. Ke3 Kd6 28. g4 h6 29. h4 Ra5 30. Rxb4 Rxa2 31. Rb8 Kd7 32. g5 hxg5 33. fxg5
fxg5 34. h5 Ra4 35. h6 Rh4 36. h7 1-0

[Event "Landesklasse Ost 2014/2015"]
[Site "?"]
[Date "2015.04.19"]
[Round "9"]
[White "Strauch, Martin"]
[Black "Bönisch, Julian"]
[Result "1/2-1/2"]
[WhiteElo "1786"]
[BlackElo "1608"]
[PlyCount "36"]
[EventDate "2015.??.??"]
[WhiteTeam "SV Empor Erfurt"]
[BlackTeam "SV Schott Jena"]

1. e4 e6 2. d4 d5 3. e5 c5 4. c3 Nc6 5. Nf3 Bd7 6. a3 c4 7. Nbd2 Na5 8. Be2 Bc6
9. O-O Qd7 10. a4 Ne7 11. b4 cxb3 12. Nxb3 Bxa4 13. Nfd2 b5 14. Bd3 Rc8 15.
Rxa4 Nxb3 16. Bxb5 Qxb5 17. Rb4 Qd3 18. Qxb3 Qxc3 1/2-1/2

[Event "Landesklasse Ost 2014/2015"]
[Site "?"]
[Date "2015.04.19"]
[Round "9"]
[White "Monossova, Maria"]
[Black "Thiemann, Jürgen"]
[Result "1/2-1/2"]
[WhiteElo "1552"]
[BlackElo "1677"]
[PlyCount "71"]
[EventDate "2015.??.??"]
[WhiteTeam "SV Schott Jena"]
[BlackTeam "SV Empor Erfurt"]

1. d4 d5 2. Nf3 e6 3. e3 Nf6 4. Bd3 Be7 5. Nbd2 c5 6. c3 Nc6 7. O-O Qc7 8. Re1
O-O 9. b3 e5 10. dxe5 Nxe5 11. Nxe5 Qxe5 12. Qc2 Bd6 13. Nf3 Qh5 14. h3 Bxh3
15. gxh3 Qxf3 16. Bf1 Qe4 17. Qxe4 dxe4 18. Rd1 Be5 19. Bb2 Rfd8 20. Bg2 Rac8
21. Kf1 b6 22. Ke2 Kf8 23. Rg1 g6 24. Bh1 Rd7 25. Rad1 Rcd8 26. Rxd7 Rxd7 27.
Rg5 Re7 28. Kd1 h6 29. Rg1 g5 30. Kc2 Kg7 31. h4 Kg6 32. hxg5 hxg5 33. Bg2 Bh2
34. Rh1 Bc7 35. c4 Nh5 36. Kd2 1/2-1/2

[Event "Landesklasse Ost 2014/2015"]
[Site "?"]
[Date "2015.04.19"]
[Round "9"]
[White "Bethge, Johanna"]
[Black "Große-Lohmann, Tobias"]
[Result "1-0"]
[WhiteElo "1578"]
[BlackElo "1261"]
[PlyCount "69"]
[EventDate "2015.??.??"]
[WhiteTeam "SV Empor Erfurt"]
[BlackTeam "SV Schott Jena"]

1. e4 g6 2. d4 d6 3. Be3 Bg7 4. Nf3 Nd7 5. Qd2 e5 6. dxe5 dxe5 7. Nc3 c6 8. Bc4
Qe7 9. O-O Ndf6 10. Rad1 Bg4 11. Qe2 Qb4 12. Bxf7+ Kxf7 13. Nxe5+ Kf8 14. Nxg4
Qxb2 15. Nxf6 Bxf6 16. Na4 Qxa2 17. Nc5 b6 18. Nd7+ Kf7 19. Qf3 Qe6 20. e5 Rd8
21. Nxf6 Nxf6 22. Qxf6+ Qxf6 23. exf6 Rhe8 24. Rfe1 Kxf6 25. Kf1 c5 26. Ke2 Ke5
27. Rd3 c4 28. Ra3 Rd7 29. Ra4 c3 30. Rc4 Rd2+ 31. Bxd2 Kd5+ 32. Kd3 cxd2 33.
Rd1 Re2 34. Kxe2 Kxc4 35. Kxd2 1-0

[Event "Landesklasse Ost 2014/2015"]
[Site "?"]
[Date "2015.04.19"]
[Round "9"]
[White "Flechsig, Bernd"]
[Black "Rieger, Lotta"]
[Result "1-0"]
[WhiteElo "1716"]
[BlackElo "1418"]
[PlyCount "65"]
[EventDate "2015.??.??"]
[WhiteTeam "SV Schott Jena"]
[BlackTeam "SV Empor Erfurt"]

1. e4 e6 2. d3 d5 3. Qe2 Be7 4. g3 c5 5. Bg2 Nf6 6. e5 Nfd7 7. f4 Nc6 8. c3 O-O
9. Nf3 Qb6 10. O-O d4 11. c4 Qc7 12. Nbd2 a6 13. g4 b5 14. b3 Nb4 15. Ne4 Bb7
16. a3 Qa5 17. Bd2 Bxe4 18. Qxe4 Qb6 19. axb4 cxb4 20. Rfb1 bxc4 21. dxc4 d3+
22. Be3 Bc5 23. Kf2 Rfd8 24. Nd2 Bxe3+ 25. Qxe3 Qxe3+ 26. Kxe3 Ra7 27. Ra4 f6
28. exf6 gxf6 29. Be4 Nb8 30. Rba1 Rad7 31. R1a2 Rd4 32. Rxb4 Kg7 33. Rb7+ 1-0

[Event "Landesklasse Ost 2015/2016"]
[Site "?"]
[Date "2015.09.13"]
[Round "1"]
[White "Anschütz, Mario"]
[Black "Kosowski, Todor"]
[Result "0-1"]
[WhiteElo "1868"]
[BlackElo "2121"]
[PlyCount "102"]
[EventDate "2015.??.??"]
[WhiteTeam "SSV Vimaria 91 Weimar"]
[BlackTeam "SG Arnstadt-Stadtilm"]

1. d4 d5 2. c4 e6 3. cxd5 exd5 4. Nc3 Nf6 5. Bg5 Be7 6. e3 O-O 7. Bd3 b6 8.
Nge2 Bb7 9. f3 c5 10. Qc2 h6 11. Bh4 c4 12. Bf5 a6 13. e4 dxe4 14. fxe4 g6 15.
Bxg6 fxg6 16. e5 Qe8 17. exf6 Bxf6 18. Bxf6 Rxf6 19. O-O-O Bxg2 20. Rhe1 Rf2
21. Qd2 Qf8 22. d5 Nd7 23. Qd4 b5 24. Ne4 Bxe4 25. Qxe4 Qf5 26. Qxf5 Rxf5 27.
Ng3 Rf2 28. Rd2 Rxd2 29. Kxd2 Nc5 30. Kc3 Kf7 31. Kd4 Nd3 32. Re2 Rd8 33. b3
Nb4 34. Rf2+ Ke7 35. Re2+ Kf7 36. Rf2+ Ke7 37. Re2+ Kf8 38. Rf2+ Kg7 39. bxc4
bxc4 40. Rb2 Nxd5 41. Rb7+ Kf6 42. Kxc4 Ke5 43. Ra7 Rc8+ 44. Kb3 Rc3+ 45. Kb2
Rc6 46. Kb3 h5 47. Rf7 Rc3+ 48. Kb2 h4 49. Ne2 Rh3 50. Rf2 Ke4 51. Nc1 Ne3 0-1

[Event "Landesklasse Ost 2015/2016"]
[Site "?"]
[Date "2015.09.13"]
[Round "1"]
[White "Sauer, Marko"]
[Black "Gräf, Michael"]
[Result "1/2-1/2"]
[WhiteElo "2060"]
[BlackElo "1860"]
[PlyCount "133"]
[EventDate "2015.??.??"]
[WhiteTeam "SG Arnstadt-Stadtilm"]
[BlackTeam "SSV Vimaria 91 Weimar"]

1. e4 c6 2. d4 d5 3. Nc3 dxe4 4. Nxe4 Nd7 5. Bc4 Ngf6 6. Ng5 e6 7. Ne2 Nb6 8.
Bb3 h6 9. Nf3 a5 10. c3 Bd6 11. Bf4 Nbd5 12. Bxd6 Qxd6 13. Ne5 O-O 14. O-O b5
15. Ng3 c5 16. c4 a4 17. Bc2 Nb4 18. cxb5 cxd4 19. Re1 Nxc2 20. Qxc2 Bb7 21.
Qd3 Rac8 22. Rad1 Rfd8 23. f3 Qc5 24. Rd2 Rd5 25. f4 Qxb5 26. Red1 Rcd8 27. Nf3
Qb6 28. h3 Ba6 29. Qa3 d3+ 30. Kh2 Qb5 31. b3 axb3 32. axb3 Rb8 33. Ne5 Qb7 34.
Nc4 Rbd8 35. Ra1 Bxc4 36. bxc4 Rd4 37. Rf1 Qc7 38. c5 Qc6 39. Rf3 Qd5 40. c6
Qxc6 41. Rfxd3 Rxd3 42. Rxd3 Rxd3 43. Qxd3 Qc7 44. Qf3 e5 45. fxe5 Qxe5 46. Kg1
g6 47. Ne2 Nd5 48. g3 Kg7 49. Kf2 f5 50. Qd3 Nf6 51. Qd4 Ne4+ 52. Kg2 Kf6 53.
Qd8+ Kf7 54. Qd7+ Qe7 55. Qxe7+ Kxe7 56. h4 Kf6 57. Kf3 g5 58. hxg5+ hxg5 59.
Nd4 Nc5 60. Ke3 Nd7 61. Kd3 Ne5+ 62. Ke3 Ng4+ 63. Ke2 Nh2 64. Ke3 Ke5 65. Nc6+
Kd6 66. Nd4 Ke5 67. Nc6+ 1/2-1/2

[Event "Landesklasse Ost 2015/2016"]
[Site "?"]
[Date "2015.09.13"]
[Round "1"]
[White "Plontke, Ingo"]
[Black "Zeising, Benjamin"]
[Result "0-1"]
[WhiteElo "1855"]
[BlackElo "1821"]
[PlyCount "94"]
[EventDate "2015.??.??"]
[WhiteTeam "SSV Vimaria 91 Weimar"]
[BlackTeam "SG Arnstadt-Stadtilm"]

1. Nf3 e6 2. g3 d5 3. Bg2 c5 4. O-O Nc6 5. d3 Nf6 6. Nbd2 Be7 7. e4 O-O 8. e5
Nd7 9. Re1 Qc7 10. Qe2 b5 11. c3 a5 12. Nf1 Ba6 13. Bf4 Rab8 14. h4 Nb6 15.
Rac1 b4 16. c4 a4 17. N1d2 Rfd8 18. Bg5 h6 19. Bxe7 Qxe7 20. Qe3 Rbc8 21. Qf4
Rc7 22. b3 a3 23. h5 Rcd7 24. g4 Bb7 25. g5 hxg5 26. Nxg5 dxc4 27. Nxc4 Nxc4
28. dxc4 Rd2 29. h6 Nd4 30. h7+ Kh8 31. Nxf7+ Kxh7 32. Nxd8 Bxg2 33. Kxg2 Rxa2
34. Rh1+ Kg8 35. Nf7 Qb7+ 36. Kh3 Qxf7 37. Qxf7+ Kxf7 38. Rhd1 Nxb3 39. Rd7+
Kg6 40. Rg1+ Kf5 41. f4 Re2 42. Rf7+ Ke4 43. f5 Kxe5 44. Rg6 Nd4 45. fxe6 Nxe6
46. Rg3 a2 47. Ra7 Kd4 0-1

[Event "Landesklasse Ost 2015/2016"]
[Site "?"]
[Date "2015.09.13"]
[Round "1"]
[White "Riedel, Erich"]
[Black "Vogel, Steffen"]
[Result "1/2-1/2"]
[WhiteElo "1758"]
[BlackElo "1803"]
[PlyCount "74"]
[EventDate "2015.??.??"]
[WhiteTeam "SG Arnstadt-Stadtilm"]
[BlackTeam "SSV Vimaria 91 Weimar"]

1. Nc3 Nf6 2. d4 d5 3. e3 e6 4. f4 a6 5. a4 c5 6. Nf3 Nc6 7. Be2 Bd6 8. O-O O-O
9. Kh1 Qb6 10. g3 Bd7 11. b3 Rac8 12. Ba3 Nb4 13. Bxb4 Qxb4 14. Nb1 cxd4 15.
exd4 Ne4 16. Bd3 f5 17. Kg2 h6 18. Qe1 Qb6 19. Qe3 Be7 20. Ne5 Be8 21. Rd1 Rc7
22. Bxe4 fxe4 23. Ra2 Bd6 24. Qe2 Bxe5 25. dxe5 Bd7 26. Nd2 Rfc8 27. Nf1 Qb4
28. Ne3 b5 29. axb5 Bxb5 30. Qd2 Qe7 31. Qd4 Rc3 32. Rd2 h5 33. h4 g6 34. Kf2
Qc7 35. Kg2 Kf7 36. Kf2 Ke8 37. Kg2 Kd7 1/2-1/2

[Event "Landesklasse Ost 2015/2016"]
[Site "?"]
[Date "2015.09.13"]
[Round "1"]
[White "Mitter, Frank"]
[Black "Jank, Kevin"]
[Result "1/2-1/2"]
[WhiteElo "1767"]
[BlackElo "1728"]
[PlyCount "40"]
[EventDate "2015.??.??"]
[WhiteTeam "SSV Vimaria 91 Weimar"]
[BlackTeam "SG Arnstadt-Stadtilm"]

1. d4 d5 2. c4 e6 3. Nc3 c6 4. e3 f5 5. Nf3 Bd6 6. Bd3 Nf6 7. O-O O-O 8. Qb3
Ne4 9. Ne5 Qe8 10. f3 Nxc3 11. Qxc3 Nd7 12. f4 Nf6 13. c5 Bc7 14. b4 Ne4 15.
Qc2 a5 16. Ba3 Rf6 17. Rab1 axb4 18. Bxb4 Rh6 19. Bxe4 fxe4 20. Rf2 Qh5 1/2-1/2

[Event "Landesklasse Ost 2015/2016"]
[Site "?"]
[Date "2015.09.13"]
[Round "1"]
[White "Maaz, Ernst"]
[Black "Reichardt, Albert"]
[Result "1/2-1/2"]
[WhiteElo "1842"]
[BlackElo "1675"]
[PlyCount "80"]
[EventDate "2015.??.??"]
[WhiteTeam "SG Arnstadt-Stadtilm"]
[BlackTeam "SSV Vimaria 91 Weimar"]

1. d4 Nf6 2. e3 g6 3. Nf3 d6 4. b3 Bg7 5. Bb2 Nbd7 6. Nbd2 O-O 7. Be2 b6 8. O-O
c5 9. c4 cxd4 10. exd4 Nh5 11. Re1 e6 12. Ba3 Ndf6 13. Ng5 Ne8 14. Bxh5 Qxg5
15. Bf3 Rb8 16. Ne4 Qe7 17. Qd3 Bb7 18. Rad1 f5 19. Nc3 Bxf3 20. Qxf3 Nc7 21.
Nd5 Nxd5 22. Qxd5 exd5 23. Rxe7 dxc4 24. Bxd6 Rbd8 25. Rxg7+ Kxg7 26. Bxf8+
Kxf8 27. bxc4 Rc8 28. Rc1 Rd8 29. Rd1 Rc8 30. Rc1 Rd8 31. d5 Ke7 32. Kf1 Kd6
33. Ke2 Kc5 34. Kd3 Re8 35. f3 f4 36. Kd2 Re3 37. Rc3 Re5 38. Kd3 Re3+ 39. Kd2
Re5 40. Kd3 Re3+ 1/2-1/2

[Event "Landesklasse Ost 2015/2016"]
[Site "?"]
[Date "2015.09.13"]
[Round "1"]
[White "Lieke, Arno"]
[Black "Marufke, Kai"]
[Result "1/2-1/2"]
[WhiteElo "1641"]
[BlackElo "1786"]
[PlyCount "42"]
[EventDate "2015.??.??"]
[WhiteTeam "SSV Vimaria 91 Weimar"]
[BlackTeam "SG Arnstadt-Stadtilm"]

1. d4 f5 2. c4 e6 3. g3 Nf6 4. Bg2 d5 5. e3 c6 6. b3 Bd6 7. Nf3 O-O 8. O-O Nbd7
9. Bb2 Ne4 10. Nbd2 Qe7 11. Ne5 Nxd2 12. Qxd2 Nxe5 13. dxe5 Bb4 14. Qe2 Ba3 15.
Bd4 Bc5 16. Rad1 Bxd4 17. Rxd4 b6 18. Rfd1 Bb7 19. h4 Qc7 20. f4 g6 21. Qc2 Qg7
1/2-1/2

[Event "Landesklasse Ost 2015/2016"]
[Site "?"]
[Date "2015.09.13"]
[Round "1"]
[White "Hoyer, Willy"]
[Black "Splittgerber, Frank"]
[Result "1/2-1/2"]
[WhiteElo "1671"]
[BlackElo "1804"]
[PlyCount "91"]
[EventDate "2015.??.??"]
[WhiteTeam "SG Arnstadt-Stadtilm"]
[BlackTeam "SSV Vimaria 91 Weimar"]

1. d4 Nf6 2. Bg5 d5 3. e3 c5 4. c3 Qb6 5. Qb3 Nbd7 6. Nd2 e6 7. Ngf3 Bd6 8.
dxc5 Bxc5 9. Bd3 O-O 10. O-O h6 11. Bf4 Nh5 12. Qxb6 Nxb6 13. Be5 Nd7 14. Bc7
b6 15. Nb3 Be7 16. Bb5 a6 17. Bxd7 Bxd7 18. Bxb6 Rfc8 19. Rfd1 Nf6 20. Bd4 a5
21. Nc1 a4 22. a3 Rab8 23. Nd3 Ne4 24. Nfe5 Be8 25. f3 Nd6 26. Bc5 f6 27. Bxd6
Bxd6 28. Ng4 Bg6 29. Nb4 Bc5 30. Re1 h5 31. Nf2 Rb6 32. Rad1 Bxb4 33. axb4 a3
34. bxa3 Rxc3 35. Ra1 Ra6 36. e4 Rcxa3 37. Rxa3 Rxa3 38. Rb1 Ra6 39. Nd3 dxe4
40. Nc5 Rb6 41. fxe4 Kf7 42. Kf2 Ke7 43. Ke3 Be8 44. Kd4 e5+ 45. Kc3 g6 46. Ra1
1/2-1/2